Evaluación de las propiedades mecánicas de un material asfáltico reciclado en frío como base estabilizada en un pavimento flexible utilizando emulsión asfáltica
Uloženo v:
| Hlavní autor: | |
|---|---|
| Další autoři: | |
| Médium: | Kniha |
| Jazyk: | Spanish |
| Vydáno: |
[San José ], Costa Rica
2019
|
| Témata: | |
| Tagy: |
Přidat tag
Žádné tagy, Buďte první, kdo vytvoří štítek k tomuto záznamu!
|
MARC
| LEADER | 00000nam a22000007a 4500 | ||
|---|---|---|---|
| 003 | 013109 | ||
| 005 | 20230504154707.0 | ||
| 008 | 190826b2019 c a|||| |m|| 00| ||spa d | ||
| 040 | |c cru CEDI | ||
| 100 | |9 488 |a Rivera Orozco, Carlos, 1994- | ||
| 245 | |a Evaluación de las propiedades mecánicas de un material asfáltico reciclado en frío como base estabilizada en un pavimento flexible utilizando emulsión asfáltica | ||
| 260 | |a [San José ], Costa Rica |c 2019 | ||
| 500 | |a Proyecto de graduación (licenciatura en ingeniería civil)--Universidad de Costa Rica. Facultad de Ingeniería. Escuela de Ingeniería Civil. | ||
| 501 | |a Directora de Proyecto de Graduación: Ing. Andrea Ulloa Calderón | ||
| 650 | |x CONVERSION DE RESIDUOS DE PAVIMENTOS DE ASFALTO |x EMULSIONES ASFALTICAS - PRUEBAS |x MATERIALES PARA CARRETERAS |x ASFALTO - MEZCLAS - PROPIEDADES MECANICAS |x ASFALTO - PRUEBAS |x ASFALTO - MEZCLAS - PRUEBAS | ||
| 700 | |9 489 |a Ulloa Calderón, Andrea, 1979- |d Directora del TFG | ||
| 942 | |c CEDI |h TFG 8259 |6 TFG_8259_000000000000000 | ||
| 999 | |c 21774 |d 21774 | ||
